00513nam a2200193Ii 450000100060000000300090000600800410001502000180005604000330007404100080010708200170011510000290013224500250016126400400018630000120022633600260023833700280026433800270029222919CO-ViMGA241108s9999||||xx |||||||||||||| ||und|| a9780307274236 aCO-ViMGAbspaerdacCO-ViMGA0 aspa04a323.281 S17m1 aSasson, Jean P., d1947-10aMayada, hija de Irak 1aMadrid, España : Debolsillo, 2005 avolumen atextbtxt2rdacontent aunmediatedbn2rdamedia avolumebnc2rdacarrier